banner-ar

SIGNALS AND SYSTEMS: CONTINOUS AND DISCRETE / (Record no. 20003)

MARC details
000 -الفاتح
حقل البيانات ثابتة الطول 00561nam a2200205Ia 4500
008 - عناصر البيانات ثابتة الطول - معلومات عامة
حقل البيانات ثابتة الطول 140319s9999 xx 000 0 eng d
040 ## - مصدر الفهرسة
وكالة الفهرسة الأصلية GCL /
وكالة النسخ GCL
082 04 - رقم تصنيف ديوى العشرى
رقم التصنيف 621.3822
رقم المادة Z S
100 1# - المدخل الرئيسى - إسم شخصى
الإسم الشخصى ZIEMR, RODGERE
245 10 - بيان العنوان
العنوان SIGNALS AND SYSTEMS: CONTINOUS AND DISCRETE /
بيان المسئوليه,etc ZIEMR, RODGERE
700 1# - المدخل الاضافى - اسم شخصى
الإسم الشخصى TRAMTER, WILLIAM H.
700 1# - المدخل الاضافى - اسم شخصى
الإسم الشخصى FAMMIM, D.ROMALD
260 ## - PUBLICATION, DISTRIBUTION, ETC. (IMPRINT)
تاريخ النشر أو التوزيع 1993
300 ## - الوصف المادى
التعداد 624 P
650 04 - المدخل الاضافى بالموضوع-مصطلح موضوعى
مصطلح موضوعي SYSTEM ANALYSIS
650 04 - المدخل الاضافى بالموضوع-مصطلح موضوعى
مصطلح موضوعي DISCRETE
650 04 - المدخل الاضافى بالموضوع-مصطلح موضوعى
مصطلح موضوعي DIGITAL FILTERS
942 ## - عناصر المدخل الإضافي( كوها)
مصدر التصنيف او مخطط الترفيف Dewey Decimal Classification
Koha [default] item type كتاب
260 ## - PUBLICATION, DISTRIBUTION, ETC. (IMPRINT)
-- [S.N] :
-- Macmillan Publishing Company ،
Holdings
حالة التراجع حالة الفقد حالة تلف ليس للاعارة المكان المؤقت الموقع الحالى تاريخ الاكتساب اجمالي اﻻعارات رقم الطلب الباركود تاريخ اخر مشاهدة تاريخ تفعيل السعر نوع وعاء كوها
        مكتبة القاهرة الكبرى مكتبة القاهرة الكبرى 03/26/2014   621.3822\Z S 37790 03/26/2014 03/26/2014 كتاب

Powered By

EGPV